Öz Türkçe sözlük (Record no. 994)

MARC details
000 -BAŞLIK
Sabit Uzunlukta Kontrol Alanı 00744na a2200265 4500
001 - KONTROL NUMARASI
Denetim Alanı 14504
003 - KONTROL NUMARASI IDENTIFIER
Denetim Alanı MIRAKIL
005 - SON İŞLEM TARİHİ VE ZAMANI
Denetim Alanı 20181213154808.0
008 - SABİT-BOY VERİ ELEMANLARI - GENEL BİLGİLER
Sabit Uzunlukta Kontrol Alanı 160829b tu 000 0
040 ## - KATALOGLAMA KAYNAK
Orijinal Kataloglama Ajansı Milas
Kataloglama Dili tur
Metne Dönüştürmek Ajansı TR-AnCHP
082 ## - DEWEY ONLU SINIFLANDIRMA NUMARASI
Sınıflandırma Numarası DAN 413
Ürün Numarası P97ö 1975
090 ## - SINIFLAMA NUMARASI
Sınıflama Numarası DAN 413 P97ö 1975
100 ## - ANA GİRİŞ - KİŞİSEL İSİM
Kişisel Ad Püsküllüoğlu, Ali
Bir Adıyla İlişkilendirilen Tarihler 1935-
245 ## - BAŞLIK TABLOSU
Başlık Öz Türkçe sözlük
Sorumluluk Tablosu, Vb Ali Püsküllüoğlu
246 ## - UNVAN FORM VARYING
Başlık Doğru / Kısa Başlığı Türkçe sözlük
250 ## - EDITION TABLOSU
Baskı Beyanı 2. bs.
260 ## - YAYIN, DAĞITIM, VB
Yayın, Dağıtım, Vb Yeri Ankara
Yayıncı, Dağıtıcı, Vs Adı Bilgi Yayınevi
Yayın, Dağıtım, Vb Tarihi 1975
300 ## - FİZİKSEL TANIM
Kapsam 381 s.
Boyutlar 19 sm.
490 ## - SERİSİ TABLOSU
Seri Beyanı Sözlük dizisi
Hacim / Ardışık Tanımı 3
490 ## - SERİSİ TABLOSU
Seri Beyanı Bilgi yayınları
Hacim / Ardışık Tanımı 130
500 ## - GENEL NOT
Genel Not İkinci baskıdan tıpkı basım.
504 ## - KAYNAKÇA VB NOT
Kaynakça Vb Notu Dizin var
650 ## - KONU KATMA GİRİŞ - TOPİKAL DÖNEM
Topikal Süreli Veya Coğrafi Ad Giriş Elemanı Türk dili
Genel Alt Bölümü Sözlükler
Kronolojik Alt Bölümü Türkçe
942 ## - EKLENDİ GİRİŞ ELEMANLARI (KOHA)
Sınıflandırma Veya Raf Düzeni Kaynak Dewey Decimal Classification
Koha Öğesi Türü Books
999 ## - SİSTEM KONTROL NUMARALARI (KOHA)
Koha Biblionumber 994
Koha Biblioitemnumber 994
Holdings
Kalıcı Konum Mevcut Konum Edinme Tarihi Edinim Kaynak Toplam Check-Out'Lar Tam Çağrı Numarası Barkod Tarih Son Görülme İtibaren Geçerli Fiyatlar Koha Öğesi Türü
CHP Kütüphanesi CHP Kütüphanesi 08/29/2016 Bağış   DAN 413 P97ö 1975 002501 08/29/2016 08/29/2016 Books